[Event "Santo Domingo op U2100 2nd"]
[Site "Santo Domingo"]
[Date "2015.06.20"]
[Round "3"]
[White "Escano Dionicio, Porfirio Simeon"]
[Black "Jaquez, Juan Manuel"]
[Result "1-0"]
[WhiteElo "1973"]
[BlackElo "2060"]
[PlyCount "115"]
[EventDate "2015.06.19"]
[EventType "swiss"]
[EventRounds "8"]
[EventCountry "DOM"]
[SourceTitle "CBM 167 Extra"]
[Source "ChessBase"]
[SourceDate "2015.09.14"]
[SourceVersion "1"]
[SourceVersionDate "2015.09.14"]
[SourceQuality "1"]

1. d4 Nf6 2. c4 g6 3. g3 Bg7 4. Bg2 d6 5. Nc3 Nbd7 6. e3 0-0 7. Nge2 c6 8. 0-0 e5 9. b3 Re8 10. Bb2 Qe7 11. Ba3 e4 12. Qc2 Nf8 13. Rad1 Bf5 14. h3 h5 15. Nf4 N8h7 16. Qe2 Rad8 17. Rde1 Ng5 18. Kh2 Qd7 19. Nb1 Ngh7 20. Nd2 Bh6 21. f3 g5 22. Nxh5 Nxh5 23. g4 Bg6 24. gxh5 Bxh5 25. Qf2 exf3 26. Bxf3 Bxf3 27. Qxf3 Re6 28. Ne4 Rg6 29. Ng3 g4 30. hxg4 Qxg4 31. Qxg4 Rxg4 32. Nf5 Bf8 33. Rg1 Rg5 34. e4 f6 35. Rxg5+ Nxg5 36. Kg3 Kf7 37. Bc1 Kg6 38. Kg4 Ne6 39. Rh1 b6 40. Bh6 c5 41. d5 Ng7 42. Bxg7 Bxg7 43. Kf4 Bf8 44. Nh4+ Kf7 45. Kf5 Bh6 46. Ng6 Kg7 47. Ne7 Re8 48. Ke6 Bf4 49. Kd7 Rb8 50. Nf5+ Kg6 51. Nxd6 a6 52. Rg1+ Kh5 53. Nf5 b5 54. Kc6 bxc4 55. bxc4 Rb2 56. Rd1 Kg4 57. d6 Bxd6 58. Nxd6 1-0

[Event "DOM-ch"]
[Site "Santo Domingo"]
[Date "2015.05.15"]
[Round "9"]
[White "Escano Dionicio, Porfirio Simeon"]
[Black "Camacho Campusano, David Daniel"]
[Result "0-1"]
[WhiteElo "1996"]
[BlackElo "2026"]
[PlyCount "68"]
[EventDate "2015.05.01"]
[EventType "swiss"]
[EventRounds "11"]
[EventCountry "DOM"]
[SourceTitle "CBM 166 Extra"]
[Source "ChessBase"]
[SourceDate "2015.06.18"]
[SourceVersion "1"]
[SourceVersionDate "2015.06.18"]
[SourceQuality "1"]

1. c4 Nf6 2. Nc3 e6 3. g3 d5 4. e3 Be7 5. Bg2 0-0 6. Qb3 c6 7. Nf3 dxc4 8. Qxc4 b5 9. Qb3 Bb7 10. d4 a6 11. 0-0 Nbd7 12. Rd1 Rc8 13. e4 c5 14. e5 Nd5 15. a3 Qc7 16. Be3 cxd4 17. Bxd4 Nc5 18. Qa2 Nxc3 19. Bxc3 Bd5 20. Qb1 Nb3 21. Ra2 Rfd8 22. h4 Qc6 23. Ne1 Bxg2 24. Nxg2 Qf3 25. Rf1 a5 26. Qe1 Bc5 27. Bxa5 Nxa5 28. b4 Bd4 29. bxa5 Qxg3 30. a4 Qb3 31. Qe2 bxa4 32. Rd2 a3 33. Qd1 Bxf2+ 34. Kxf2 Rxd2+ 0-1

[Event "DOM-ch"]
[Site "Santo Domingo"]
[Date "2015.05.02"]
[Round "2"]
[White "Cordero Mateo, Sigfrido Alejandro"]
[Black "Escano Dionicio, Porfirio Simeon"]
[Result "0-1"]
[WhiteElo "1848"]
[BlackElo "1996"]
[PlyCount "70"]
[EventDate "2015.05.01"]
[EventType "swiss"]
[EventRounds "11"]
[EventCountry "DOM"]
[SourceTitle "CBM 166 Extra"]
[Source "ChessBase"]
[SourceDate "2015.06.18"]
[SourceVersion "1"]
[SourceVersionDate "2015.06.18"]
[SourceQuality "1"]

1. c4 e5 2. Nc3 f5 3. d3 Nf6 4. g3 c6 5. Bg2 d5 6. cxd5 cxd5 7. Qb3 d4 8. Qb5+ Nbd7 9. Nd5 Nxd5 10. Qxd5 Bb4+ 11. Bd2 Bxd2+ 12. Kxd2 Qe7 13. Nf3 Rb8 14. Rhb1 b6 15. b4 Bb7 16. Qb3 e4 17. dxe4 fxe4 18. Ne1 Rd8 19. Bh3 e3+ 20. fxe3 dxe3+ 21. Kc1 Rc8+ 22. Kb2 Qe5+ 23. Ka3 Rc3 24. Rd1 Nf6 25. Nd3 Rxb3+ 26. axb3 Qh5 27. Nf4 Qb5 28. Ne6 Kf7 29. Nd4 Qe5 30. Rac1 Re8 31. Nf5 Kf8 32. Nd6 Rb8 33. Rc7 Bd5 34. Rc8+ Rxc8 35. Nxc8 Qc3 0-1